LEADER 00993nam a2200229 i 4500 001 991004420729507536 005 20260302145940.0 008 260302s2010 it e 00000 ita 020 $a9788813299378 040 $aBibl. Dip.le Aggr. Scienze Giuridiche - Sez. Studi Giuridici$bita 082 04$a343.043 245 00$aFederalismo fiscale 'learning by doing':$bmodelli comparati di raccolta e distribuzione del gettito tra centro e periferia /$ca cura di Andrea De Petris 260 $a[Padova] :$bCEDAM,$c2010 300 $aIX, 191 p. :$btab. num., diagr. ;$c24 cm 490 1 $aCollana di studi del Dipartimento di scienze giuridiche della LUISS Guido Carli ;$v14 500 $aAtti del convegno tenuto a Roma nel 2009 650 4$aTributi$xRiforma$xDiritto comparato$xCongressi 650 4$aFinanza locale$xRiforma$xDiritto comparato$xCongressi 700 1 $aDe Petris, Andrea 912 $a991004420729507536 996 $aFederalismo fiscale learning by doing$91136247 997 $aUNISALENTO